Catálogo de plantas útiles de la Sierra Norte de Puebla, México (Registro nro. 4084)

Detalles MARC
000 -CABECERA
Campo de control 01111nam a2200301 a 4500
005 - FECHA Y HORA DE LA ULTIMA TRANSACCION
Campo de control 20160209121952.0
008 - ELEMENTOS DE LONGITUD FIJA—INFORMACION GENERAL
Campo de control 140313b2001 mx a |r|||| 00| 0 spa d
020 ## - ISBN
ISBN 9683643516
040 ## - FUENTE DE CATALOGACIÓN
Agencia catalogadora original CO-BoIAVH
Agencia transcriptora CO-BoIAVH
041 0# - IDIOMA
Código de idioma para texto/pista de sonido o título separado Español
044 ## - PAÍS DE PUBLICACIÓN
País de publicación México
082 04 - NUMERO DE CLASIFICACION DECIMAL DEWEY
Número de clasificación 580.12097
Número del ítem M38c
100 1# - ASIENTO PRINCIPAL--NOMBRE PERSONAL
Nombre personal Martínez Alfaro, Miguel Ángel
9 (RLIN) 21411
245 10 - MENCION DE TITULO
Título Catálogo de plantas útiles de la Sierra Norte de Puebla, México
250 ## - MENCION DE EDICION
Mención de edición Segunda edición
260 ## - PUBLICACION, DISTRIBUCION, ETC. (PIE DE IMPRENTA)
Lugar de publicación, distribución, etc. México :
Nombre del editor, distribuidor, etc. Universidad Nacional Autónoma de México,
Fecha de publicación, distribución, etc. 2001.
300 ## - DESCRIPCION FISICA
Extensión 303 páginas :
Otros detalles físicos ilustraciones ;
Dimensiones 22 x 16 cm.
490 0# - MENCION DE SERIE
Mención de serie Cuadernos del instituto de biología ;
Designación numérica/secuencial del volumen 27
650 #6 - ASIENTO SECUNDARIO DE MATERIA - TERMINO TEMATICO
Término temático o nombre geográfico como elemento de entrada Plantas útiles
Subdivisión de forma Catálogo
Subdivisión geográfica Puebla (México)
9 (RLIN) 58147
650 #6 - ASIENTO SECUNDARIO DE MATERIA - TERMINO TEMATICO
Término temático o nombre geográfico como elemento de entrada Plantas útiles
Subdivisión de forma taxonomía
Subdivisión geográfica Puebla (México)
9 (RLIN) 58148
650 #6 - ASIENTO SECUNDARIO DE MATERIA - TERMINO TEMATICO
Término temático o nombre geográfico como elemento de entrada Plantas útiles
Subdivisión de forma clasificación
Subdivisión geográfica Puebla (México)
9 (RLIN) 58149
700 1# - ASIENTO SECUNDARIO - NOMBRE PERSONAL
Nombre personal Evangelista Oliva, Virginia
9 (RLIN) 21412
700 1# - ASIENTO SECUNDARIO - NOMBRE PERSONAL
Nombre personal Mendoza Cruz, Myrna
9 (RLIN) 58150
700 1# - ASIENTO SECUNDARIO - NOMBRE PERSONAL
Nombre personal Morales García, Gustavo
9 (RLIN) 21414
700 1# - ASIENTO SECUNDARIO - NOMBRE PERSONAL
Nombre personal Toledo Olazcoaga, Guadalupe
9 (RLIN) 21415
700 1# - ASIENTO SECUNDARIO - NOMBRE PERSONAL
Nombre personal Wong León, Alfredo
9 (RLIN) 21416
942 ## - ELEMENTOS ADICIONALES (KOHA)
Tipo de ítem Libro
Sistema de clasificación Dewey Decimal Classification
Existencias
Withdrawn status Lost status Sistema de Clasificación Damaged status No para préstamo Colección Inventariado Ubicación Permanente Ubicación actual Fecha de adquisición Fuente de Valor Valor Total Checkouts Número topográfico Inventario / Código de Barras Date last seen Ejemplar Price effective from Forma de adquisición Tipo de material
    Dewey Decimal Classification     General Inventariado 2017 Bogotá Bogotá 19/08/2004 Instituto 39000.00   LB-580.12097 M38c 016488 04/12/2012 Ej. 1 04/12/2012   Libro